| 000 | 00648nam a22001937a 4500 | ||
|---|---|---|---|
| 999 |
_c10560 _d10560 |
||
| 003 | AR-CdUCM | ||
| 008 | 190401b ||||| |||| 00| 0 spa d | ||
| 040 |
_aMUNICIPALIDAD PROVINCIAL DEL CUSCO _cBIBLIOTECA MUNICIPAL DEL CUSCO |
||
| 041 | _h84-74-19-397-4 | ||
| 082 |
_aEP / 460.02 / _bG79 |
||
| 245 |
_aGran diccionario de Carlitos / _bEspaƱol- Ingles |
||
| 260 |
_aBarcelona : _bEdic.Junior, _c1984. |
||
| 300 |
_a2 tomos ; _c26 cm. |
||
| 505 | _aContenido : t.1: A-C -- t.2: CH-L -- t.3: LL-Z / | ||
| 650 |
_aEducación primaria _91561 |
||
| 710 |
_aTecnicos Editoriales Asociados _927500 |
||
| 942 |
_2ddc _cLIBROS |
||
| 945 |
_apjha _d2019-04-22 |
||